000 007960000a22002290004500
003 LK-CoMWRAF
005 20231213145104.0
008 230817t2007 ||||| |||| 00| 0 eng d
020 _a9789551772048
040 _aLK-CoMWRAF
_dLK-CoMWRAF
_eLK-CoMWRAF
041 _aeng
082 _a305.8
_bVAI
100 _aVaitheespara, Ravi
245 _aTheorizing the national crisis :
_bSanmugathasan, the left and the ethnic conflict in Sri Lanka
260 _aColombo:
_bSocial Scientists' Association,
_c2007
300 _axvii, 77 p. : ill. ; 22 cm.
_bBibliography and index included
490 _aStudies on the Sri Lankan left
_v1
650 _aEthnic conflict -- Sri Lanka
650 _aNationalism -- Sri Lanka
650 _aEthnic relations -- Political aspects-Sri Lanka
942 _cBK
999 _c2302
_d2302